000 00359 a2200109 4500
001 ART_47107
005 20260410161842.0
008 260409a
245 1 0 _aEl contencioso administrativo en el Estado de derecho constitucional democrático
100 1 _aPérez Hualde, Alejandro
773 0 _tRAP
_g- Año 40, Nº 470 (nov. 2017)
_wREV5941
999 _c24240
_d24240